000 00611nam a2200217 i 4500
003 DO-SdBNP
005 20240917143714.0
007 ta
008 240917b2003 dr ||||| |||| 00| 0 spa d
040 _aDO-SdBNP
_bspa
_cBNPHU
_erda
082 4 _222
245 0 0 _aUn nuevo mundo :
_bdesafío de la juventud
264 4 _aSanto Domingo :
_bTalleres de Impresora Maxy,
_c2003.
300 _a24 páginas ;
_c14 cm.
336 _atexto
_btxt
_2rdacontent
337 _asin mediación
_bn
_2rdamedia
338 _avolumen
_bnc
_2rdacarrier
590 _aInventariado, 2024/BT
910 _aBtavárez
942 _2ddc
_cLBS1
999 _c57707
_d57707